[Event "España ch Universitario 2007"]
[Site "Cartagena ESP"]
[Date "2007.05.07"]
[Round "1.1"]
[White "Perez Candelario, Manuel"]
[Black "Garcia Tejera, Daniel"]
[Result "1-0"]
[WhiteElo "2511"]
[BlackElo "2089"]
[PlyCount "53"]
[EventDate "2007.05.06"]
[EventType "swiss"]
[EventRounds "9"]
[EventCountry "ESP"]
[Source "lmi"]
[SourceDate "2007.05.06"]

1. e4 c6 2. d4 g6 3. c3 Bg7 4. Bd3 d6 5. Nf3 Nf6 6. O-O O-O 7. Re1 Re8 8. Nbd2
e5 9. dxe5 dxe5 10. Nc4 Bg4 11. h3 Bxf3 12. Qxf3 b5 13. Nd2 Nbd7 14. Bc2 c5 15.
b3 Qc7 16. a4 a6 17. Bd3 Qc6 18. Qe2 b4 19. Bb2 Nh5 20. g3 Qe6 21. Kh2 Nf4 22.
gxf4 exf4 23. Bc4 Qd6 24. Nf3 bxc3 25. Rad1 Qe7 26. Bc1 g5 27. Nxg5 1-0

[Event "España ch Universitario 2007"]
[Site "Cartagena ESP"]
[Date "2007.05.07"]
[Round "1.2"]
[White "Mateos Gomez, Juan Francisco"]
[Black "Llaneza Vega, Marcos"]
[Result "0-1"]
[WhiteElo "2087"]
[BlackElo "2455"]
[PlyCount "86"]
[EventDate "2007.05.06"]
[EventType "swiss"]
[EventRounds "9"]
[EventCountry "ESP"]
[Source "lmi"]
[SourceDate "2007.05.06"]

1. g3 e5 2. c4 Nc6 3. Bg2 g6 4. Nc3 Bg7 5. Rb1 a5 6. a3 Nf6 7. d3 O-O 8. Bg5 h6
9. Bxf6 Bxf6 10. b4 axb4 11. axb4 d6 12. e3 Ne7 13. Nge2 c6 14. Ne4 Bg7 15. c5
d5 16. Nd6 b5 17. e4 Be6 18. O-O Qd7 19. Ra1 Bh3 20. Qb3 Bxg2 21. Kxg2 Qe6 22.
Ra2 f5 23. Rfa1 Rad8 24. Nc3 fxe4 25. dxe4 Qf6 26. Nd1 Kh8 27. f3 g5 28. Nf2 h5
29. h3 Qe6 30. Ra6 h4 31. Nxb5 hxg3 32. Kxg3 Ng6 33. exd5 Qf5 34. Nd6 Qf4+ 35.
Kg2 Nh4+ 36. Kf1 Nxf3 37. R1a2 Qg3 38. Qe3 Qg1+ 39. Ke2 Nd4+ 40. Kd3 cxd5 41.
Ng4 e4+ 42. Nxe4 dxe4+ 43. Kc4 Qc1+ 0-1

[Event "España ch Universitario 2007"]
[Site "Cartagena ESP"]
[Date "2007.05.07"]
[Round "1.3"]
[White "Trent, Lawrence"]
[Black "Mestres Cochs, Joan"]
[Result "1-0"]
[WhiteElo "2453"]
[BlackElo "2082"]
[PlyCount "51"]
[EventDate "2007.05.06"]
[EventType "swiss"]
[EventRounds "9"]
[EventCountry "ESP"]
[Source "lmi"]
[SourceDate "2007.05.06"]

1. e4 c5 2. Nf3 Nc6 3. Nc3 d6 4. d4 cxd4 5. Nxd4 Nf6 6. Be2 g6 7. O-O Bg7 8.
Nb3 O-O 9. Kh1 Bd7 10. f4 Rc8 11. Bf3 Qb6 12. g4 h6 13. Qe2 a6 14. Be3 Qc7 15.
h4 Kh7 16. g5 Ne8 17. Nd5 Qb8 18. c3 Nc7 19. Rf2 e6 20. Nb6 Rcd8 21. Nxd7 Rxd7
22. Rh2 Rh8 23. gxh6 Bxh6 24. Rg1 Qd8 25. h5 Qf6 26. hxg6+ 1-0

[Event "España ch Universitario 2007"]
[Site "Cartagena ESP"]
[Date "2007.05.07"]
[Round "1.4"]
[White "Wu Martin, Eneko"]
[Black "Reinaldo Castineira, Roi"]
[Result "1/2-1/2"]
[WhiteElo "2079"]
[BlackElo "2452"]
[PlyCount "85"]
[EventDate "2007.05.06"]
[EventType "swiss"]
[EventRounds "9"]
[EventCountry "ESP"]
[Source "lmi"]
[SourceDate "2007.05.06"]

1. e4 c5 2. Nf3 e6 3. d4 cxd4 4. Nxd4 a6 5. Be2 Nf6 6. Bf3 d6 7. O-O Nbd7 8.
Nc3 Be7 9. Be3 Qc7 10. a4 O-O 11. a5 Rb8 12. Be2 Nc5 13. f3 b5 14. axb6 Rxb6
15. Nb3 Nxb3 16. cxb3 Rc6 17. f4 Qb8 18. Rf3 Rd8 19. Bd4 e5 20. Be3 Bg4 21. Rg3
Bxe2 22. Qxe2 Qxb3 23. fxe5 dxe5 24. Bh6 Qb6+ 25. Kh1 Bf8 26. Bg5 Rb8 27. Bxf6
Rxf6 28. Nd5 Rf2 29. Qg4 Qe6 30. Qg5 Rfxb2 31. h3 Rb1+ 32. Rxb1 Rxb1+ 33. Kh2
Rf1 34. Qd8 Qd6 35. Qe8 Qc5 36. Rc3 Qg1+ 37. Kg3 Qf2+ 38. Kh2 Qg1+ 39. Kg3 g6
40. Rc8 Qf2+ 41. Kh2 Qg1+ 42. Kg3 Qf2+ 43. Kh2 1/2-1/2

[Event "España ch Universitario 2007"]
[Site "Cartagena ESP"]
[Date "2007.05.07"]
[Round "1.5"]
[White "Alsina Leal, Daniel"]
[Black "Marti Mascaro, Juan"]
[Result "1-0"]
[WhiteElo "2428"]
[BlackElo "2073"]
[PlyCount "85"]
[EventDate "2007.05.06"]
[EventType "swiss"]
[EventRounds "9"]
[EventCountry "ESP"]
[Source "lmi"]
[SourceDate "2007.05.06"]

1. e4 g6 2. d4 Bg7 3. Nc3 d6 4. f4 Nd7 5. Nf3 c6 6. Bd3 Qc7 7. e5 d5 8. O-O e6
9. Kh1 Ne7 10. Be3 a6 11. Na4 b5 12. Nc5 Nxc5 13. dxc5 a5 14. a3 Ba6 15. Qe1
Nf5 16. Bd2 Bc8 17. g4 Ne7 18. h3 Qd8 19. Nd4 Bd7 20. a4 b4 21. c3 h5 22. Kg2
b3 23. Nxb3 Rb8 24. Bc2 Bc8 25. Rb1 Ba6 26. Rh1 d4 27. Nxd4 Qd5+ 28. Be4 Qxc5
29. Qf2 hxg4 30. hxg4 Bxe5 31. fxe5 Qxe5 32. Qf4 f6 33. Qxe5 fxe5 34. Nxe6 Bc8
35. Ng5 Bxg4 36. b4 Rd8 37. Be3 Bf5 38. Rbd1 Bxe4+ 39. Nxe4 O-O 40. Rxd8 Rxd8
41. Bg5 Kf7 42. Rf1+ Ke6 43. Nc5+ 1-0

[Event "España ch Universitario 2007"]
[Site "Cartagena ESP"]
[Date "2007.05.07"]
[Round "1.6"]
[White "Engo Pardo, Javier"]
[Black "Alcazar Jimenez, Victor"]
[Result "0-1"]
[WhiteElo "2072"]
[BlackElo "2423"]
[PlyCount "44"]
[EventDate "2007.05.06"]
[EventType "swiss"]
[EventRounds "9"]
[EventCountry "ESP"]
[Source "lmi"]
[SourceDate "2007.05.06"]

1. d4 Nf6 2. c4 g6 3. f3 c5 4. d5 b5 5. e4 d6 6. a4 b4 7. Bd3 Bg7 8. Ne2 O-O 9.
O-O e5 10. Bg5 h6 11. Bh4 Qe8 12. h3 Nh5 13. Qc2 Nf4 14. Nxf4 exf4 15. Nd2 Nd7
16. e5 Qxe5 17. Rae1 Qd4+ 18. Bf2 Qxb2 19. Bxg6 fxg6 20. Qxg6 Qf6 21. Qh5 Qf7
22. Qh4 Ne5 0-1

[Event "España ch Universitario 2007"]
[Site "Cartagena ESP"]
[Date "2007.05.07"]
[Round "1.7"]
[White "Martinez Martin, David"]
[Black "Paredes Mancha, Antonio Angel"]
[Result "1-0"]
[WhiteElo "2403"]
[BlackElo "2069"]
[PlyCount "57"]
[EventDate "2007.05.06"]
[EventType "swiss"]
[EventRounds "9"]
[EventCountry "ESP"]
[Source "lmi"]
[SourceDate "2007.05.06"]

1. d4 d5 2. c4 e6 3. Nc3 Be7 4. Nf3 Nf6 5. Bg5 O-O 6. e3 h6 7. Bh4 Ne4 8. Bxe7
Qxe7 9. Rc1 Nxc3 10. Rxc3 c6 11. Bd3 Nd7 12. O-O dxc4 13. Bxc4 b6 14. Bd3 c5
15. Be4 Ba6 16. Bxa8 Bxf1 17. Bc6 Ba6 18. Qa4 cxd4 19. Nxd4 Nc5 20. Qc2 Rd8 21.
b4 Nd3 22. b5 Nb4 23. Qb3 e5 24. Nf5 Qg5 25. Be4 Nxa2 26. h4 Qh5 27. Rd3 Rc8
28. Ne7+ Kf8 29. Nxc8 1-0

[Event "España ch Universitario 2007"]
[Site "Cartagena ESP"]
[Date "2007.05.07"]
[Round "1.8"]
[White "Gomez Gomez, Francisco Javier"]
[Black "Gonzalez Menendez, Ivan"]
[Result "0-1"]
[WhiteElo "2062"]
[BlackElo "2401"]
[PlyCount "60"]
[EventDate "2007.05.06"]
[EventType "swiss"]
[EventRounds "9"]
[EventCountry "ESP"]
[Source "lmi"]
[SourceDate "2007.05.06"]

1. e4 e6 2. d4 d5 3. Nc3 Bb4 4. e5 c5 5. a3 Bxc3+ 6. bxc3 Ne7 7. Qg4 O-O 8. Bd3
Qa5 9. Bd2 Nbc6 10. Nf3 f5 11. exf6 Rxf6 12. Qh5 Nf5 13. O-O c4 14. Bxf5 Rxf5
15. Ng5 h6 16. g4 Rf8 17. f4 Bd7 18. Nf3 Be8 19. Qh3 Bg6 20. f5 exf5 21. Nh4
Bh7 22. Nxf5 Bxf5 23. gxf5 Rf6 24. Qg4 Raf8 25. a4 Ne7 26. Rf2 Qa6 27. Raf1
R8f7 28. Bc1 Qxa4 29. Bxh6 Rxh6 30. f6 Rg6 0-1

[Event "España ch Universitario 2007"]
[Site "Cartagena ESP"]
[Date "2007.05.07"]
[Round "1.11"]
[White "Garcia Castro, Pablo"]
[Black "Gallardo Estrella, Alvaro"]
[Result "1-0"]
[WhiteElo "2379"]
[BlackElo "2059"]
[PlyCount "55"]
[EventDate "2007.05.06"]
[EventType "swiss"]
[EventRounds "9"]
[EventCountry "ESP"]
[Source "lmi"]
[SourceDate "2007.05.06"]

1. g3 e5 2. Bg2 f5 3. d3 Nf6 4. Nf3 Nc6 5. c3 d5 6. b4 e4 7. Nfd2 Bd6 8. a3 O-O
9. O-O Ne5 10. c4 dxc4 11. dxe4 fxe4 12. Qc2 e3 13. fxe3 Nfg4 14. Nf3 Qe7 15.
e4 a5 16. h3 axb4 17. hxg4 b3 18. Qd2 Nxg4 19. Bb2 Bxg3 20. Nc3 Bf4 21. Nd5
Qc5+ 22. Qd4 Qxd4+ 23. Bxd4 b6 24. Bh3 c5 25. Bb2 Be3+ 26. Kg2 Bd4 27. Nxd4
cxd4 28. Ne7+ 1-0

[Event "España ch Universitario 2007"]
[Site "Cartagena ESP"]
[Date "2007.05.07"]
[Round "1.12"]
[White "Rey Garcia, Tomas"]
[Black "Andres Gonzalez, Ivan"]
[Result "0-1"]
[WhiteElo "2052"]
[BlackElo "2372"]
[PlyCount "78"]
[EventDate "2007.05.06"]
[EventType "swiss"]
[EventRounds "9"]
[EventCountry "ESP"]
[Source "lmi"]
[SourceDate "2007.05.06"]

1. e4 c5 2. Nc3 e6 3. g3 Nc6 4. Bg2 Nf6 5. d3 d5 6. exd5 exd5 7. Bg5 d4 8. Ne4
Be7 9. Bxf6 Bxf6 10. Qd2 Be7 11. f4 Nb4 12. Nf3 Nd5 13. O-O f5 14. Neg5 h6 15.
Nh3 Ne3 16. Ne5 Nxf1 17. Kxf1 O-O 18. Re1 Bf6 19. Ng1 Re8 20. Ngf3 Be6 21. c4
dxc3 22. bxc3 Qa5 23. Re2 Rad8 24. Qb2 Qb6 25. Qc1 Qa6 26. Qc2 Bd5 27. c4 Bf7
28. d4 cxd4 29. Nxf7 Kxf7 30. Qxf5 Rxe2 31. Kxe2 Qxc4+ 32. Kd1 Qa4+ 33. Kc1
Qxa2 34. Ne5+ Kg8 35. Be4 Bxe5 36. fxe5 Qf7 37. Qh7+ Kf8 38. Bxb7 d3 39. Ba6
d2+ 0-1

[Event "España ch Universitario 2007"]
[Site "Cartagena ESP"]
[Date "2007.05.07"]
[Round "1.13"]
[White "Antoli Royo, Joaquin Miguel"]
[Black "Codina Tormo, Julia"]
[Result "1-0"]
[WhiteElo "2356"]
[BlackElo "2051"]
[PlyCount "71"]
[EventDate "2007.05.06"]
[EventType "swiss"]
[EventRounds "9"]
[EventCountry "ESP"]
[Source "lmi"]
[SourceDate "2007.05.06"]

1. d4 Nf6 2. Nf3 g6 3. Bf4 Bg7 4. e3 d6 5. Be2 O-O 6. h3 c5 7. c3 Qb6 8. Qc1
Nc6 9. O-O cxd4 10. exd4 Bf5 11. Nbd2 d5 12. Re1 Rac8 13. Nf1 Be4 14. Qd2 Rfe8
15. Ne5 Nxe5 16. Bxe5 Nd7 17. Bxg7 Kxg7 18. Ng3 Nf6 19. f3 Qd6 20. Kf2 h5 21.
Qg5 h4 22. Qxh4 Bc2 23. Qg5 Nh7 24. Qe5+ Qxe5 25. dxe5 e6 26. Bb5 Re7 27. Ne2
a6 28. Nd4 axb5 29. Nxc2 Nf8 30. a3 Nd7 31. Nd4 Rc5 32. f4 Nb6 33. g4 Na4 34.
Re2 Re8 35. f5 g5 36. Nf3 1-0

[Event "España ch Universitario 2007"]
[Site "Cartagena ESP"]
[Date "2007.05.07"]
[Round "1.14"]
[White "Gonzalez Gambau, Jorge"]
[Black "Garrido Dominguez, Jesus"]
[Result "0-1"]
[WhiteElo "2050"]
[BlackElo "2347"]
[PlyCount "51"]
[EventDate "2007.05.06"]
[EventType "swiss"]
[EventRounds "9"]
[EventCountry "ESP"]
[Source "lmi"]
[SourceDate "2007.05.06"]

1. e4 e5 2. Nf3 Nc6 3. Nc3 Nf6 4. g3 d5 5. exd5 Nxd5 6. Bg2 Nxc3 7. bxc3 Be7 8.
d3 O-O 9. O-O f5 10. Qe2 Bf6 11. Bb2 Kh8 12. Rae1 Re8 13. Nd2 Be6 14. Nb3 Qd6
15. Qe3 Bf7 16. Qc5 a5 17. Qxd6 cxd6 18. a3 a4 19. Nc1 d5 20. Na2 e4 21. Nb4
Nxb4 22. axb4 a3 23. Ba1 Rec8 24. d4 Rc7 25. f4 Rac8 26. Rb1 0-1

[Event "España ch Universitario 2007"]
[Site "Cartagena ESP"]
[Date "2007.05.07"]
[Round "1.15"]
[White "Navarro Cia, Miguel"]
[Black "Medina Menendez, Eduardo Matias"]
[Result "1/2-1/2"]
[WhiteElo "2338"]
[BlackElo "2049"]
[PlyCount "121"]
[EventDate "2007.05.06"]
[EventType "swiss"]
[EventRounds "9"]
[EventCountry "ESP"]
[Source "lmi"]
[SourceDate "2007.05.06"]

1. e4 e5 2. Nf3 Nc6 3. d4 exd4 4. Nxd4 Bc5 5. Nxc6 Qf6 6. Qd2 dxc6 7. Nc3 Ne7
8. Qf4 Qxf4 9. Bxf4 Bd6 10. Bxd6 cxd6 11. O-O-O Kd7 12. Bc4 f6 13. h4 Ng6 14.
a4 Ne5 15. Be2 Kc7 16. b3 Bd7 17. Rd2 Rad8 18. Rhd1 Bg4 19. f3 Bc8 20. h5 Rhe8
21. Rh1 f5 22. f4 Nf7 23. Bf3 Nh6 24. Rhd1 fxe4 25. Nxe4 d5 26. Ng5 Bf5 27. Rg1
Bg4 28. Rd3 Bf5 29. Rdd1 Ng4 30. Rde1 h6 31. Nf7 Rf8 32. Ne5 Nxe5 33. Rxe5 Rde8
34. Rge1 Kd8 35. Kd2 Bh7 36. g3 Rxe5 37. Rxe5 Re8 38. Rxe8+ Kxe8 39. a5 Kd7 40.
b4 Kd6 41. c3 c5 42. g4 b6 43. axb6 axb6 44. Be2 Be4 45. g5 Bf5 46. bxc5+ Kxc5
47. gxh6 gxh6 48. Bd3 Bg4 49. Bg6 Kc4 50. Kc2 d4 51. Bf7+ Kc5 52. Bg6 dxc3 53.
Kxc3 Kd5 54. Kb4 Ke6 55. Kb5 Bf5 56. Be8 Be4 57. Kxb6 Kf5 58. Kc5 Kxf4 59. Kd4
Bf3 60. Bg6 Kg5 61. Ke3 1/2-1/2

[Event "España ch Universitario 2007"]
[Site "Cartagena ESP"]
[Date "2007.05.07"]
[Round "1.16"]
[White "Torrenta Planas, Marcel"]
[Black "Peña Gomez, Manuel"]
[Result "0-1"]
[WhiteElo "2046"]
[BlackElo "2331"]
[PlyCount "62"]
[EventDate "2007.05.06"]
[EventType "swiss"]
[EventRounds "9"]
[EventCountry "ESP"]
[Source "lmi"]
[SourceDate "2007.05.06"]

1. d4 Nf6 2. c4 c5 3. d5 e6 4. Nc3 exd5 5. cxd5 d6 6. e4 g6 7. f3 Bg7 8. Bf4
O-O 9. Qd2 a6 10. Nge2 b5 11. Bh6 Nxe4 12. Nxe4 Qh4+ 13. g3 Qxh6 14. Qxh6 Bxh6
15. Nxd6 Nd7 16. f4 Nb6 17. Nxc8 Raxc8 18. O-O-O Rfd8 19. Bg2 Nc4 20. Rd3 Bg7
21. Nc3 Nxb2 22. Kxb2 b4 23. Kc2 Bxc3 24. Rxc3 bxc3 25. Kxc3 Kf8 26. Re1 Re8
27. Rxe8+ Kxe8 28. Kc4 Kd7 29. f5 Kd6 30. fxg6 hxg6 31. Bf1 f5 0-1

[Event "España ch Universitario 2007"]
[Site "Cartagena ESP"]
[Date "2007.05.07"]
[Round "1.17"]
[White "Gonzalez Somoza, Oliver"]
[Black "Iza Abete, Amaia"]
[Result "1-0"]
[WhiteElo "2309"]
[BlackElo "2044"]
[PlyCount "67"]
[EventDate "2007.05.06"]
[EventType "swiss"]
[EventRounds "9"]
[EventCountry "ESP"]
[Source "lmi"]
[SourceDate "2007.05.06"]

1. e4 e5 2. Nc3 Nf6 3. f4 d6 4. Nf3 Bg4 5. h3 Bxf3 6. Qxf3 Be7 7. Bc4 c6 8. d3
O-O 9. fxe5 dxe5 10. Be3 Nbd7 11. g4 Nc5 12. Bxc5 Bxc5 13. Rf1 Qe7 14. Ne2 b5
15. Bb3 a5 16. a4 Nd7 17. Ng3 bxa4 18. Nf5 Qf6 19. Rxa4 Nb6 20. Ra1 a4 21. Ba2
a3 22. bxa3 Rxa3 23. Ke2 Na4 24. Bb3 Rxa1 25. Rxa1 Nc3+ 26. Kf1 Kh8 27. h4 h6
28. g5 Qg6 29. Qg4 f6 30. Ra6 fxg5 31. hxg5 Nb5 32. Kg2 Nd4 33. Nh4 Qf7 34.
Bxf7 1-0

[Event "España ch Universitario 2007"]
[Site "Cartagena ESP"]
[Date "2007.05.07"]
[Round "1.18"]
[White "Pellicer Coloma, Pedro"]
[Black "Camacho Collados, Jose"]
[Result "0-1"]
[WhiteElo "2043"]
[BlackElo "2308"]
[PlyCount "82"]
[EventDate "2007.05.06"]
[EventType "swiss"]
[EventRounds "9"]
[EventCountry "ESP"]
[Source "lmi"]
[SourceDate "2007.05.06"]

1. d4 Nf6 2. Nf3 g6 3. c4 Bg7 4. Nc3 O-O 5. e4 d6 6. Be2 Na6 7. O-O e5 8. dxe5
dxe5 9. Qxd8 Rxd8 10. Bg5 Re8 11. Ne1 Nc5 12. f3 Ne6 13. Be3 Nd7 14. Nc2 Nb8
15. Rad1 Nc6 16. Rd2 Ncd4 17. Rfd1 f5 18. c5 Nxe2+ 19. Rxe2 Bf8 20. Red2 Bxc5
21. Bxc5 Nxc5 22. Nd5 Rf8 23. Nxc7 Rb8 24. Rd5 Ne6 25. Nb5 fxe4 26. Nxa7 exf3
27. gxf3 Ng5 28. Ne1 Nh3+ 29. Kf1 e4 30. Rd8 Be6 31. Rxb8 Rxb8 32. fxe4 Ra8 33.
Rd6 Nf4 34. Ng2 Bh3 35. Kf2 Bxg2 36. Nb5 Bxe4 37. Ke3 Bc6 38. Nc7 Rc8 39. b4 g5
40. b5 Bg2 41. a4 Rxc7 0-1

[Event "España ch Universitario 2007"]
[Site "Cartagena ESP"]
[Date "2007.05.07"]
[Round "1.19"]
[White "Pallardo Lozoya, Jose Vicente"]
[Black "Martinez Fernandez, Silverio"]
[Result "1-0"]
[WhiteElo "2304"]
[BlackElo "2042"]
[PlyCount "68"]
[EventDate "2007.05.06"]
[EventType "swiss"]
[EventRounds "9"]
[EventCountry "ESP"]
[Source "lmi"]
[SourceDate "2007.05.06"]

1. e4 c5 2. Nc3 e6 3. g3 d5 4. Bg2 d4 5. Nce2 d3 6. cxd3 Qxd3 7. Nf4 Qd6 8.
Nge2 Nc6 9. O-O g6 10. a3 Bg7 11. Rb1 Nge7 12. b4 O-O 13. b5 Nd4 14. Nxd4 cxd4
15. Nd3 e5 16. f4 f6 17. fxe5 fxe5 18. Rxf8+ Bxf8 19. a4 Be6 20. Ra1 Bc4 21.
Ba3 Qf6 22. Nc5 b6 23. Nd7 Qe6 24. Qg4 Qxg4 25. Nf6+ Kf7 26. Nxg4 Bh6 27. Rc1
Rc8 28. Bf1 Be6 29. Rxc8 Nxc8 30. Nf2 Bb3 31. Be2 g5 32. Bh5+ Kf6 33. Bd1 Be6
34. Kf1 Ne7 1-0

[Event "España ch Universitario 2007"]
[Site "Cartagena ESP"]
[Date "2007.05.07"]
[Round "1.20"]
[White "Peñas Hernandez, Yolanda"]
[Black "Lopez Del Alamo, Antonio"]
[Result "0-1"]
[WhiteElo "2040"]
[BlackElo "2289"]
[PlyCount "45"]
[EventDate "2007.05.06"]
[EventType "swiss"]
[EventRounds "9"]
[EventCountry "ESP"]
[Source "lmi"]
[SourceDate "2007.05.06"]

1. e4 c5 2. Nf3 e6 3. d4 cxd4 4. Nxd4 Nf6 5. Nc3 Nc6 6. Nxc6 bxc6 7. e5 Nd5 8.
Ne4 Bb7 9. Be2 c5 10. Bf3 Qb8 11. c4 Nb6 12. Nd6+ Bxd6 13. exd6 Bxf3 14. Qxf3
Qxd6 15. Bf4 Qd4 16. O-O O-O 17. b3 d5 18. Be3 Qc3 19. Rac1 Qa5 20. cxd5 exd5
21. Bxc5 Rfc8 22. Be3 Rxc1 23. Bxc1 0-1

[Event "España ch Universitario 2007"]
[Site "Cartagena ESP"]
[Date "2007.05.07"]
[Round "1.21"]
[White "Rabadan Velasco, Raul"]
[Black "Mansilla Tolosa, Luis"]
[Result "1-0"]
[WhiteElo "2281"]
[BlackElo "2037"]
[PlyCount "49"]
[EventDate "2007.05.06"]
[EventType "swiss"]
[EventRounds "9"]
[EventCountry "ESP"]
[Source "lmi"]
[SourceDate "2007.05.06"]

1. d4 Nf6 2. c4 e6 3. Nf3 b6 4. g3 Bb7 5. Bg2 Be7 6. O-O O-O 7. d5 d6 8. Nc3 e5
9. Ne1 c6 10. Nd3 cxd5 11. Nb4 Qc7 12. Nbxd5 Nxd5 13. Nxd5 Bxd5 14. Bxd5 Nc6
15. e3 Rac8 16. b3 Bg5 17. Ba3 Rcd8 18. Qh5 Bf6 19. Be4 g6 20. Qf3 Bg7 21. Bxc6
e4 22. Qxe4 Bxa1 23. Rxa1 Rc8 24. Bd5 Rce8 25. Qd4 1-0

[Event "España ch Universitario 2007"]
[Site "Cartagena ESP"]
[Date "2007.05.07"]
[Round "1.22"]
[White "Davo Torres, Enrique"]
[Black "Alcazar Jimenez, Jesus Alberto"]
[Result "0-1"]
[WhiteElo "2033"]
[BlackElo "2274"]
[PlyCount "124"]
[EventDate "2007.05.06"]
[EventType "swiss"]
[EventRounds "9"]
[EventCountry "ESP"]
[Source "lmi"]
[SourceDate "2007.05.06"]

1. d4 c5 2. e3 Nf6 3. Nf3 e6 4. c4 b6 5. Nc3 a6 6. Be2 Bb7 7. O-O Be7 8. Re1
O-O 9. a3 Qc7 10. h3 d6 11. b3 cxd4 12. exd4 d5 13. Be3 dxc4 14. bxc4 Nbd7 15.
Qb3 Rac8 16. Nd2 b5 17. c5 e5 18. dxe5 Nxe5 19. Bf4 Bxc5 20. Bxb5 Bd4 21. Bxe5
Bxe5 22. Bc4 Bh2+ 23. Kh1 Bf4 24. Ncb1 Qc6 25. Bf1 Ng4 26. Ne4 Nf6 27. Nxf6+
Qxf6 28. Qxb7 Qxa1 29. Qxa6 Rc1 30. Rxc1 Bxc1 31. Qd3 Rb8 32. Nc3 Bxa3 33. Ne4
Bf8 34. g3 Qe5 35. Kg2 Re8 36. Nd2 g6 37. Nf3 Qe6 38. Qc4 Qf6 39. Qa4 Rb8 40.
Qe4 Rb2 41. Qe5 Qb6 42. Be2 Bc5 43. Qe8+ Bf8 44. Ne5 Qb7+ 45. Bf3 Qa7 46. Nd3
Rd2 47. Be4 Qd4 48. Qc6 Rxd3 49. Bxd3 Qxd3 50. Qe8 Qd5+ 51. Kg1 Kg7 52. Qe3 Bc5
53. Qe2 h5 54. h4 Bd4 55. Kh2 Qf5 56. Kg2 Qg4 57. Qd3 Bf6 58. Kh2 Qd4 59. Qe2
Bxh4 60. gxh4 Qxh4+ 61. Kg2 Qg4+ 62. Qxg4 hxg4 0-1

[Event "España ch Universitario 2007"]
[Site "Cartagena ESP"]
[Date "2007.05.07"]
[Round "1.23"]
[White "Claros Egea, Christian"]
[Black "Garcia Rodriguez, Dario"]
[Result "1-0"]
[WhiteElo "2273"]
[BlackElo "2031"]
[PlyCount "69"]
[EventDate "2007.05.06"]
[EventType "swiss"]
[EventRounds "9"]
[EventCountry "ESP"]
[Source "lmi"]
[SourceDate "2007.05.06"]

1. e4 c5 2. Nf3 e6 3. d3 d5 4. Nbd2 Nf6 5. g3 Be7 6. Bg2 O-O 7. O-O a5 8. a4 b6
9. e5 Nfd7 10. Re1 Nc6 11. Nf1 f6 12. exf6 Bxf6 13. Ne3 Nde5 14. Nxe5 Bxe5 15.
c4 Bb7 16. cxd5 Nd4 17. f4 Bc7 18. dxe6 Bxg2 19. Nxg2 Qd5 20. e7 Rfe8 21. Re4
Bd6 22. Be3 Nf5 23. Qc2 Kh8 24. Re1 Rxe7 25. Bf2 Qb7 26. g4 Nh6 27. Rxe7 Bxe7
28. Qe2 Bd6 29. g5 Ng8 30. Qe6 Qc7 31. Re4 Rf8 32. Nh4 Ne7 33. Bg3 Nc6 34. Nf5
Ne7 35. Qxd6 1-0

[Event "España ch Universitario 2007"]
[Site "Cartagena ESP"]
[Date "2007.05.07"]
[Round "1.24"]
[White "Vila Callejo, Emma"]
[Black "Rada Equiza, Miguel"]
[Result "0-1"]
[WhiteElo "2030"]
[BlackElo "2261"]
[PlyCount "58"]
[EventDate "2007.05.06"]
[EventType "swiss"]
[EventRounds "9"]
[EventCountry "ESP"]
[Source "lmi"]
[SourceDate "2007.05.06"]

1. e4 e5 2. Nf3 Nc6 3. Nc3 Nf6 4. g3 d5 5. exd5 Nxd5 6. Bg2 Nxc3 7. bxc3 Bc5 8.
d3 h6 9. O-O O-O 10. Re1 Qf6 11. Be3 Bb6 12. h3 Be6 13. Nd2 Rad8 14. Qh5 Qe7
15. Bxc6 bxc6 16. Qxe5 Qd7 17. d4 Bxh3 18. Qh5 Bg4 19. Qh4 Bf5 20. Nc4 f6 21.
Re2 Bg4 22. f3 Bxf3 23. Rh2 h5 24. Nd2 Bg4 25. Rf2 Rde8 26. Bf4 c5 27. Nf3 cxd4
28. cxd4 Bxf3 29. Rxf3 Bxd4+ 0-1

[Event "España ch Universitario 2007"]
[Site "Cartagena ESP"]
[Date "2007.05.07"]
[Round "1.25"]
[White "Perez Lopez, Jesus Maria"]
[Black "Gimenez Carretero, Antonio E"]
[Result "1/2-1/2"]
[WhiteElo "2261"]
[BlackElo "2027"]
[PlyCount "72"]
[EventDate "2007.05.06"]
[EventType "swiss"]
[EventRounds "9"]
[EventCountry "ESP"]
[Source "lmi"]
[SourceDate "2007.05.06"]

1. d4 d5 2. Nf3 Nf6 3. c4 e6 4. Nc3 c6 5. Bg5 Be7 6. e3 O-O 7. Qc2 Nbd7 8. cxd5
cxd5 9. Bd3 h6 10. Bh4 a6 11. O-O b5 12. a4 b4 13. Na2 Bb7 14. Nc1 Rc8 15. Qe2
a5 16. Bb5 Qc7 17. Nb3 Bd6 18. Rfc1 Qb6 19. Ne1 Rxc1 20. Rxc1 Rc8 21. Rxc8+
Bxc8 22. Nd3 Ba6 23. Ndc5 Bxb5 24. Qxb5 Qxb5 25. axb5 Bc7 26. Bg3 Bb6 27. Na4
Bd8 28. Nbc5 Nb6 29. Nxb6 Bxb6 30. Na4 Nd7 31. Bd6 f6 32. Kf1 Kf7 33. Ke1 Ke8
34. Nxb6 Nxb6 35. Bc7 Nc4 36. b6 Kd7 1/2-1/2

[Event "España ch Universitario 2007"]
[Site "Cartagena ESP"]
[Date "2007.05.07"]
[Round "1.26"]
[White "Criado Lopez, Alberto"]
[Black "Piay Augusto, Diego"]
[Result "1-0"]
[WhiteElo "2014"]
[BlackElo "2251"]
[PlyCount "94"]
[EventDate "2007.05.06"]
[EventType "swiss"]
[EventRounds "9"]
[EventCountry "ESP"]
[Source "lmi"]
[SourceDate "2007.05.06"]

1. e4 d5 2. exd5 Nf6 3. Nc3 Nxd5 4. Bc4 Nb6 5. Bb3 c5 6. d3 Nc6 7. Nf3 e6 8.
Bf4 a6 9. Qe2 Be7 10. O-O Nd4 11. Nxd4 cxd4 12. Ne4 O-O 13. c4 dxc3 14. bxc3
Nd5 15. Bd2 b5 16. d4 Bb7 17. f3 Rc8 18. Rfc1 Nb6 19. a4 Nc4 20. axb5 axb5 21.
Bxc4 Rxc4 22. Rcb1 Bc6 23. Nf2 Bg5 24. f4 Bf6 25. Nd3 Bxd4+ 26. cxd4 Rxd4 27.
Ba5 Qh4 28. Ne5 Bd5 29. g3 Qh3 30. Qf1 Qf5 31. Re1 h5 32. Bc3 Ra4 33. Qxb5 Rxa1
34. Bxa1 Rc8 35. Qd3 Qh3 36. Qf1 Qf5 37. Qd3 Qh3 38. Nf3 Ra8 39. Bc3 Ra2 40.
Re2 Ra3 41. Ng5 Qg4 42. Qh7+ Kf8 43. Qxg7+ Ke8 44. Qxf7+ Kd8 45. Bf6+ Kc8 46.
Rc2+ Kb8 47. Be5+ Ka8 1-0

[Event "España ch Universitario 2007"]
[Site "Cartagena ESP"]
[Date "2007.05.07"]
[Round "1.27"]
[White "Serna Lara, Sergio"]
[Black "Rodriguez Falcon, Jesus Manuel"]
[Result "1-0"]
[WhiteElo "2251"]
[BlackElo "2014"]
[PlyCount "33"]
[EventDate "2007.05.06"]
[EventType "swiss"]
[EventRounds "9"]
[EventCountry "ESP"]
[Source "lmi"]
[SourceDate "2007.05.06"]

1. d4 d5 2. c4 c6 3. Nf3 Nf6 4. e3 e6 5. Bd3 Nbd7 6. Nbd2 dxc4 7. Nxc4 b5 8.
Nce5 Bb7 9. O-O a6 10. a4 Be7 11. Nxf7 Kxf7 12. Ng5+ Kg8 13. Nxe6 Qb6 14. a5
Qa7 15. Qb3 c5 16. Nxc5+ Kf8 17. Ne6+ 1-0